| 000 | 00995aam a2200409a 44500 | ||
|---|---|---|---|
| 008 | 930106s1978 cat | ||
| 017 | _aB-25780-1978 | ||
| 020 | _a8474100348 | ||
| 041 | _acat | ||
| 080 | _a329(038) | ||
| 100 |
_aTubella Casadevall, I. _965298 |
||
| 245 | _aDiccionari del nacionalisme | ||
| 245 | _cEduard Vinyamata | ||
| 245 | _cImma Tubella | ||
| 260 | _aBarcelona | ||
| 260 | _bLa Magrana | ||
| 260 | _c1978 | ||
| 300 |
_a133 p. _c18 cm. |
||
| 490 |
_aAlliberament; _v4 |
||
| 520 | _a96 | ||
| 546 | _acatalà | ||
| 591 | _a1175 | ||
| 592 | _aObra terminològica | ||
| 593 | _aOB | ||
| 593 | _aOS | ||
| 594 | _a1175 | ||
| 650 |
_aidentitat cultural _961848 |
||
| 650 |
_aideologia _965301 |
||
| 650 |
_anacionalisme _965302 |
||
| 700 |
_aVinyamata Camp, E. _965299 |
||
| 830 |
_aAlliberament; _v4 _965300 |
||
| 901 | _c<1978> | ||
| 902 | _a930106 | ||
| 942 |
_cMO _n0 |
||
| 999 |
_c54421 _d54421 |
||